[Event "World Blitz 2023"]
[Site "Samarkand UZB"]
[Date "2023.12.29"]
[Round "11.5"]
[White "Rauf Mamedov"]
[Black "Arjun Erigaisi"]
[Result "0-1"]
[EventDate "2023.12.29"]
[WhiteElo "2635"]
[BlackElo "2729"]
[PlyCount "90"]

1. e4 e6 2. d4 d5 3. Nd2 Nf6 4. e5 Nfd7 5. Bd3 c5 6. c3 Nc6 7. Ne2 cxd4 8. cxd4 f6 9. exf6 Nxf6 10. Nf3 Bd6 11. O-O O-O 12. Bf4 Bxf4 13. Nxf4 Ng4 14. g3 g5 15. Ng2 e5 16. Nxe5 Ngxe5 17. dxe5 Nxe5 18. Be2 Bf5 19. Qd4 Nc6 20. Qd2 d4 21. Rad1 Qf6 22. h4 h6 23. hxg5 hxg5 24. f4 g4 25. Nh4 Rae8 26. Bc4+ Be6 27. Qe2 Kg7 28. Bxe6 Qxe6 29. Qb5 Qe3+ 30. Kh1 Qe4+ 31. Kg1 Qe3+ 32. Kh1 Qxg3 33. Qg5+ Kf7 34. Qd5+ Re6 35. Qh5+ Ke7 36. f5 Re2 37. Ng6+ Kd8 38. Qh4+ Qxh4+ 39. Nxh4 Rh8 40. f6 Rxh4+ 41. Kg1 Ke8 42. Rf5 Kf7 43. Rdf1 Rhh2 44. R1f4 g3 45. Rg5 Reg2+ 0-1

[Event "World Rapid 2023"]
[Site "Samarkand UZB"]
[Date "2023.12.28"]
[Round "10.6"]
[White "Arjun Erigaisi"]
[Black "Ivan Cheparinov"]
[Result "1-0"]
[EventDate "2023.12.26"]
[WhiteElo "2727"]
[BlackElo "2663"]
[PlyCount "58"]

1. d4 d5 2. c4 dxc4 3. Nf3 Nf6 4. e3 e6 5. Bxc4 c5 6. O-O Nc6 7. Nc3 a6 8. d5 Na5 9. b3 b5 10. Bd3 b4 11. dxe6 bxc3 12. exf7+ Kxf7 13. e4 Be7 14. Ng5+ Ke8 15. e5 Ng4 16. Nxh7 Qd4 17. h3 Nc6 18. Bg6+ Kd8 19. hxg4 Bxg4 20. Qd3 Nxe5 21. Qe4 Kc7 22. Be3 Qxe4 23. Bxe4 Rad8 24. f3 Be6 25. Rac1 Bd5 26. Ng5 Bxg5 27. Bxg5 Bxe4 28. Bxd8+ Rxd8 29. fxe4 1-0

[Event "World Rapid 2023"]
[Site "Samarkand UZB"]
[Date "2023.12.28"]
[Round "11.3"]
[White "Arjun Erigaisi"]
[Black "Santosh Gujrathi Vidit"]
[Result "0-1"]
[EventDate "2023.12.26"]
[WhiteElo "2727"]
[BlackElo "2737"]
[PlyCount "62"]

1. e4 e5 2. Nf3 Nc6 3. d4 exd4 4. Nxd4 Bc5 5. Be3 Qf6 6. c3 Nge7 7. Bb5 Bb6 8. O-O O-O 9. a4 Qg6 10. Bd3 Ne5 11. a5 Bxd4 12. cxd4 Nxd3 13. Qxd3 d5 14. f3 a6 15. Nc3 Be6 16. Bf4 Rac8 17. Qe3 Rfe8 18. Na4 dxe4 19. fxe4 Bc4 20. Rfe1 Nd5 21. Qf3 Nb4 22. Qc3 Nd3 23. Qxc4 Nxf4 24. g3 Nh3+ 25. Kg2 Ng5 26. Nc3 Nxe4 27. Nd5 c6 28. Nf4 Qf5 29. Qd3 g5 30. Nh5 Qf2+ 31. Kh1 Qxe1+ 0-1

[Event "World Rapid 2023"]
[Site "Samarkand UZB"]
[Date "2023.12.28"]
[Round "12.10"]
[White "Pouya Idani"]
[Black "Arjun Erigaisi"]
[Result "1/2-1/2"]
[EventDate "2023.12.26"]
[WhiteElo "2602"]
[BlackElo "2727"]
[PlyCount "146"]

1. e4 c5 2. Nf3 e6 3. c3 d5 4. e5 Nc6 5. d4 Bd7 6. Be2 f6 7. O-O fxe5 8. Nxe5 Nxe5 9. dxe5 Qc7 10. Re1 O-O-O 11. Bf1 Ne7 12. a4 Nf5 13. Bd3 g6 14. Bg5 Be7 15. Bxe7 Nxe7 16. Na3 Rhf8 17. b4 Kb8 18. Nc2 Nc6 19. bxc5 Nxe5 20. Bb5 Bc8 21. Nd4 Rf6 22. Rb1 Ka8 23. c6 Nxc6 24. Bxc6 bxc6 25. Qe2 Bd7 26. Nf3 Rf4 27. Ne5 Re4 28. Qa6 Bc8 29. Qxc6+ Qxc6 30. Nxc6 Rxe1+ 31. Rxe1 Rd6 32. Nd4 Ra6 33. Ra1 Kb7 34. f4 Rb6 35. Ra2 Rb1+ 36. Kf2 Kb6 37. Re2 Kc5 38. Nxe6+ Kc4 39. Nc7 Bd7 40. Re7 Bxa4 41. Rxh7 Rb7 42. f5 gxf5 43. Rh4+ Kxc3 44. Nxd5+ Kb3 45. Rf4 Bd7 46. Rf3+ Kb2 47. Ke3 a5 48. Rf2+ Kb3 49. Kd4 a4 50. Rf3+ Kb2 51. Rf2+ Kc1 52. Kc3 Rb3+ 53. Kd4 a3 54. Rf1+ Kd2 55. Kc4 Rb2 56. Ra1 a2 57. Nc3 Be6+ 58. Kd4 Bg8 59. Nxa2 Bxa2 60. Rf1 Rb4+ 61. Ke5 Bb1 62. h4 Bd3 63. Rf4 Rb5+ 64. Kf6 Be4 65. g3 Rb3 66. h5 Rxg3 67. Rxf5 Ke3 68. Re5 Rh3 69. Kg7 Rg3+ 70. Kf6 Kf4 71. Rxe4+ Kxe4 72. h6 Rh3 73. Kg7 Ke5 1/2-1/2

[Event "World Rapid 2023"]
[Site "Samarkand UZB"]
[Date "2023.12.28"]
[Round "13.11"]
[White "Arjun Erigaisi"]
[Black "Evgeny Tomashevsky"]
[Result "1/2-1/2"]
[EventDate "2023.12.26"]
[WhiteElo "2727"]
[BlackElo "2681"]
[PlyCount "74"]

1. e4 e5 2. Nf3 Nc6 3. d4 exd4 4. Nxd4 Nf6 5. Nxc6 bxc6 6. Qe2 Rb8 7. e5 Nd5 8. c4 Bb4+ 9. Bd2 Nf4 10. Qe3 Ng6 11. Bd3 O-O 12. O-O Qe7 13. Bxg6 hxg6 14. Bxb4 Rxb4 15. b3 d5 16. Nd2 dxc4 17. Nxc4 Ba6 18. Na5 Bxf1 19. Nxc6 Qe6 20. Nxb4 Bxg2 21. Kxg2 Qg4+ 22. Kh1 Qxb4 23. e6 fxe6 24. Qxe6+ Kh7 25. Qh3+ Kg8 26. Qg2 Qd2 27. f3 Qd3 28. Rg1 Rf6 29. Qg4 c5 30. Qe4 Qxf3+ 31. Qxf3 Rxf3 32. Rxg6 c4 33. bxc4 Ra3 34. Rg2 Rc3 35. Rg4 Rc1+ 36. Kg2 Rc2+ 37. Kg3 1/2-1/2

[Event "World Rapid 2023"]
[Site "Samarkand UZB"]
[Date "2023.12.27"]
[Round "9.12"]
[White "Robert Hovhannisyan"]
[Black "Arjun Erigaisi"]
[Result "0-1"]
[EventDate "2023.12.26"]
[WhiteElo "2611"]
[BlackElo "2727"]
[PlyCount "90"]

1. e4 c5 2. Nf3 e6 3. d4 cxd4 4. Nxd4 Nf6 5. Nc3 Bb4 6. e5 Nd5 7. Bd2 Nxc3 8. bxc3 Bf8 9. Bd3 Na6 10. O-O Nc5 11. Qg4 h5 12. Qf3 Rb8 13. Nb5 a6 14. Nd6+ Bxd6 15. exd6 b5 16. Qg3 Kf8 17. h4 Bb7 18. Rae1 Rc8 19. Kh2 Kg8 20. Re3 Qf8 21. Qf4 Rc6 22. Rg3 Qxd6 23. Qg5 Qf8 24. Be3 Nxd3 25. cxd3 f6 26. Qf4 Rxc3 27. Qd4 Rc7 28. Rc1 Rxc1 29. Bxc1 Bc6 30. Bd2 e5 31. Qb2 Qc5 32. Be3 Qd5 33. d4 exd4 34. Bxd4 Kf7 35. f3 Re8 36. Qc3 Qf5 37. Qd2 Bd5 38. a3 Bc4 39. Bc3 Qd3 40. Qc1 Re2 41. Bxf6 gxf6 42. Qh6 Qf5 43. Qh8 Ke7 44. Rg7+ Bf7 45. Rg3 Qf4 0-1

[Event "World Rapid 2023"]
[Site "Samarkand UZB"]
[Date "2023.12.26"]
[Round "1.26"]
[White "Vadim Zvjaginsev"]
[Black "Arjun Erigaisi"]
[Result "0-1"]
[EventDate "2023.12.26"]
[WhiteElo "2469"]
[BlackElo "2628"]
[PlyCount "112"]

1. d4 d5 2. c4 e6 3. Nc3 c6 4. e4 dxe4 5. Nxe4 Bb4+ 6. Nc3 c5 7. Nf3 Nf6 8. Be2 Nc6 9. Be3 O-O 10. O-O cxd4 11. Nxd4 Bxc3 12. Nxc6 bxc6 13. Qxd8 Rxd8 14. bxc3 Ba6 15. f3 Kf8 16. Rfb1 Nd7 17. Rb4 Bc8 18. Ra4 a5 19. Rb1 Ke7 20. Rb3 Kd6 21. Rba3 c5 22. Rxa5 Rxa5 23. Rxa5 Bb7 24. Kf2 Bc6 25. Ra3 f5 26. h4 Rb8 27. Rb3 Ra8 28. Rb2 e5 29. g3 Ra3 30. Bc1 Ra8 31. Bd3 g6 32. Rd2 Ke6 33. Bc2 Nf6 34. Re2 e4 35. fxe4 Bxe4 36. Bb3 Kf7 37. Bf4 Ng4+ 38. Kg1 Ke6 39. Rd2 Ne5 40. Bxe5 Kxe5 41. Rd7 h6 42. Rc7 Kd6 43. Rf7 Ke6 44. Rc7 Rd8 45. Rxc5 Rd3 46. Rc8 Rxg3+ 47. Kf2 Rxc3 48. c5+ Ke5 49. Ke2 g5 50. hxg5 hxg5 51. Kd2 Rd3+ 52. Ke2 Kf4 53. Bc2 Re3+ 54. Kd2 Bxc2 55. Kxc2 g4 56. c6 g3 0-1

[Event "World Rapid 2023"]
[Site "Samarkand UZB"]
[Date "2023.12.26"]
[Round "2.14"]
[White "Arjun Erigaisi"]
[Black "Dmitry Bocharov"]
[Result "1-0"]
[EventDate "2023.12.26"]
[WhiteElo "2654"]
[BlackElo "2515"]
[PlyCount "72"]

1. d4 Nf6 2. Bf4 e6 3. e3 c5 4. Nd2 Nc6 5. c3 h6 6. Bd3 d5 7. Ngf3 Nh5 8. Be5 Be7 9. h3 Nxe5 10. Nxe5 Nf6 11. O-O O-O 12. f4 Qc7 13. g4 Nd7 14. Bb1 cxd4 15. exd4 Nxe5 16. fxe5 Bd7 17. Nf3 f5 18. gxf5 exf5 19. Ne1 g5 20. Ng2 Qc6 21. Bc2 f4 22. h4 Rf7 23. Qh5 Raf8 24. hxg5 Bxg5 25. Ne1 Rg7 26. Kh1 Qb5 27. Rf2 Be8 28. Qh2 Kh8 29. Nf3 Kg8 30. Rg1 Rff7 31. Rfg2 Kf8 32. e6 Rc7 33. Nxg5 hxg5 34. Qh8+ Rg8 35. Qf6+ Bf7 36. exf7 1-0

[Event "World Rapid 2023"]
[Site "Samarkand UZB"]
[Date "2023.12.26"]
[Round "3.7"]
[White "Bardiya Daneshvar"]
[Black "Arjun Erigaisi"]
[Result "0-1"]
[EventDate "2023.12.26"]
[WhiteElo "2470"]
[BlackElo "2654"]
[PlyCount "74"]

1. Nf3 Nf6 2. c4 e6 3. g3 d5 4. Bg2 d4 5. O-O Nc6 6. d3 Bc5 7. Nbd2 O-O 8. Nb3 Be7 9. e3 dxe3 10. Bxe3 Ng4 11. Bc1 a5 12. h3 Nge5 13. Nxe5 Nxe5 14. Qe2 Nc6 15. a4 e5 16. Be3 Bf5 17. Rfd1 Re8 18. g4 Bg6 19. Be4 Ra6 20. Nd2 Bh4 21. Bxg6 hxg6 22. Nf3 f5 23. g5 f4 24. Nxh4 fxe3 25. fxe3 Qxg5+ 26. Ng2 Nb4 27. Rf1 Rd6 28. Rad1 Qd8 29. Ne1 Qd7 30. Qg2 Qxa4 31. Nf3 Nxd3 32. Ng5 Qxc4 33. b3 Qc5 34. Qe4 Red8 35. Kh1 Nf2+ 36. Rxf2 Rxd1+ 37. Kg2 Qc6 0-1

[Event "World Rapid 2023"]
[Site "Samarkand UZB"]
[Date "2023.12.26"]
[Round "4.5"]
[White "Arjun Erigaisi"]
[Black "Maksim Chigaev"]
[Result "1/2-1/2"]
[EventDate "2023.12.26"]
[WhiteElo "2654"]
[BlackElo "2587"]
[PlyCount "134"]

1. d4 Nf6 2. c4 g6 3. Nc3 Bg7 4. e4 d6 5. Be2 e5 6. Nf3 O-O 7. d5 a5 8. Be3 Na6 9. Nd2 Bd7 10. g4 Ne8 11. h4 f5 12. gxf5 gxf5 13. exf5 Bxf5 14. Nde4 Nf6 15. Ng3 Qd7 16. Qd2 Ng4 17. Nxf5 Qxf5 18. Bxg4 Qxg4 19. Qe2 Qf5 20. Rg1 Kh8 21. O-O-O Bf6 22. f3 Rg8 23. Rg4 Raf8 24. a3 Be7 25. Rdg1 Rxg4 26. fxg4 Qf3 27. g5 Qxe2 28. Nxe2 Rf3 29. Kd2 Rh3 30. Rg4 Kg7 31. Ng3 Rh2+ 32. Kc3 Kg8 33. h5 Nc5 34. g6 hxg6 35. Nf5 Bd8 36. Rxg6+ Kf8 37. Bxc5 dxc5 38. h6 e4 39. Re6 Kf7 40. Rxe4 Bf6+ 41. Kd3 Rxb2 42. Rf4 Be5 43. Rf1 Kg6 44. a4 Rh2 45. Ke4 Re2+ 46. Kd3 Rh2 47. Rf3 Bf6 48. Ne3 Bg5 49. Ng4 Rd2+ 50. Kc3 Rd4 51. Ne5+ Kxh6 52. Nf7+ Kg6 53. Nxg5 Kxg5 54. Rf7 c6 55. dxc6 bxc6 56. Ra7 Rh4 57. Rxa5 Rh3+ 58. Kc2 Rh2+ 59. Kd3 Rh3+ 60. Ke4 Rh4+ 61. Ke5 Rxc4 62. Kd6 Kf6 63. Ra8 Rc1 64. a5 c4 65. a6 Ra1 66. Rf8+ Kg7 67. Rf4 Rxa6 1/2-1/2

[Event "World Rapid 2023"]
[Site "Samarkand UZB"]
[Date "2023.12.26"]
[Round "5.6"]
[White "Maxim Matlakov"]
[Black "Arjun Erigaisi"]
[Result "0-1"]
[EventDate "2023.12.26"]
[WhiteElo "2670"]
[BlackElo "2727"]
[PlyCount "78"]

1. d4 d5 2. c4 e6 3. Nf3 Nf6 4. g3 dxc4 5. Bg2 a6 6. Ne5 Bb4+ 7. Nc3 Nd5 8. Bd2 b5 9. O-O Bxc3 10. bxc3 O-O 11. e4 Nb6 12. h4 Bb7 13. h5 f6 14. Ng6 Rf7 15. Nf4 e5 16. Ne6 Qe7 17. Nc5 Bc6 18. h6 g6 19. f4 exd4 20. cxd4 N8d7 21. Nxd7 Bxd7 22. d5 Qc5+ 23. Kh2 c3 24. Be1 b4 25. Bf2 Qf8 26. Qd4 Bb5 27. Rfb1 a5 28. a3 c2 29. Rb2 c5 30. dxc6 Nc4 31. Rxc2 Rd8 32. Qc5 Qxc5 33. Bxc5 b3 34. Rc3 Nd2 35. Bb6 b2 36. c7 Rxc7 37. Rxc7 bxa1=Q 38. Rg7+ Kh8 39. Bxd8 Nf1+ 0-1

[Event "Chennai Grand Masters 2023"]
[Site "Chennai IND"]
[Date "2023.12.21"]
[Round "7.2"]
[White "Arjun Erigaisi"]
[Black "Sanan Sjugirov"]
[Result "1-0"]
[EventDate "2023.12.15"]
[WhiteElo "2727"]
[BlackElo "2703"]
[PlyCount "114"]

1. d4 Nf6 2. c4 e6 3. Nc3 Bb4 4. f3 c5 5. a3 Bxc3+ 6. bxc3 Nc6 7. e4 d6 8. Ne2 h6 9. Ra2 Qa5 10. Kf2 Qc7 11. d5 Ne5 12. Ng3 O-O 13. a4 Qa5 14. Qc2 Qa6 15. Ra3 Re8 16. Qa2 Qa5 17. Be2 Ng6 18. Rd1 e5 19. Bd3 Nh7 20. Nf5 Qd8 21. g3 Ne7 22. Kg2 h5 23. Ne3 Rf8 24. Qb1 Bd7 25. Ra2 h4 26. Nf5 Nxf5 27. exf5 Qf6 28. g4 Rab8 29. Rf1 Kh8 30. h3 Rg8 31. a5 Qe7 32. Rb2 Bc8 33. Be3 Qd8 34. Qe1 Qxa5 35. f6 g6 36. Rb5 Qa3 37. Bc1 Qa1 38. Kh1 Bd7 39. Rb3 Qa5 40. Qxh4 Qd8 41. g5 Bf5 42. Be2 a6 43. Rg1 b5 44. cxb5 axb5 45. Bxb5 Qa5 46. c4 Ra8 47. Bc6 Rab8 48. Ra3 Qb4 49. Ra7 Rbf8 50. Kh2 Qc3 51. Qf2 e4 52. Bf4 exf3 53. Bxd6 Rb8 54. Bb5 Rbe8 55. Bxe8 Rxe8 56. Re7 Ra8 57. Rge1 1-0

[Event "Chennai Grand Masters 2023"]
[Site "Chennai IND"]
[Date "2023.12.20"]
[Round "6.3"]
[White "Parham Maghsoodloo"]
[Black "Arjun Erigaisi"]
[Result "0-1"]
[EventDate "2023.12.15"]
[WhiteElo "2742"]
[BlackElo "2727"]
[PlyCount "80"]

1. c4 e6 2. Nc3 Nf6 3. Nf3 d5 4. d4 c6 5. Bg5 dxc4 6. a4 b5 7. g3 Bb7 8. Bg2 a6 9. O-O Be7 10. Ne5 O-O 11. axb5 axb5 12. Rxa8 Bxa8 13. Qa1 Qxd4 14. Nxf7 Kxf7 15. Qxa8 Qb6 16. Qa1 Nbd7 17. Qb1 h6 18. Bf4 Nd5 19. Ne4 N7f6 20. Be5 Rd8 21. Bh3 c5 22. Nd2 Nd7 23. Nf3 Bf6 24. Bxf6 N5xf6 25. Qc2 Qa5 26. Rc1 g5 27. Rf1 Qa4 28. Qd2 g4 29. Bxg4 Nxg4 30. h3 Ngf6 31. Qxh6 Rg8 32. g4 Qc2 33. Qf4 Ke7 34. Qg3 Qxb2 35. Rd1 Qxe2 36. Qd6+ Kf7 37. Kg2 Nxg4 38. Ng5+ Rxg5 39. Qxd7+ Kf6 40. Qd8+ Kf5 0-1

[Event "Chennai Grand Masters 2023"]
[Site "Chennai IND"]
[Date "2023.12.19"]
[Round "5.3"]
[White "Arjun Erigaisi"]
[Black "Levon Aronian"]
[Result "1/2-1/2"]
[EventDate "2023.12.15"]
[WhiteElo "2727"]
[BlackElo "2723"]
[PlyCount "110"]

1. e4 e5 2. Nf3 Nc6 3. d4 exd4 4. Nxd4 Nf6 5. Nxc6 bxc6 6. Qe2 Rb8 7. e5 Nd5 8. c4 Bb4+ 9. Bd2 Nf4 10. Qe3 Ne6 11. Bxb4 Rxb4 12. b3 f6 13. Be2 fxe5 14. Qxe5 O-O 15. O-O d6 16. Qe3 Qg5 17. Qxg5 Nxg5 18. Nc3 Bf5 19. Rfe1 Ne4 20. Nxe4 Bxe4 21. Bh5 Bg6 22. Bxg6 hxg6 23. Re7 Rf7 24. Re3 a5 25. Rg3 a4 26. Re1 d5 27. Rxg6 dxc4 28. Rg4 axb3 29. axb3 Rxb3 30. Rxc4 Rf6 31. Rec1 Rb2 32. f3 Rg6 33. R4c2 Rxc2 34. Rxc2 Kf7 35. g4 Ke7 36. h4 Kd6 37. Kf2 c5 38. h5 Rf6 39. Kg3 Kd5 40. g5 Rb6 41. Kg4 c4 42. f4 Kd4 43. f5 c3 44. h6 gxh6 45. g6 Rb2 46. Rc1 Rg2+ 47. Kf3 Rg5 48. Kf4 c5 49. Rd1+ Kc4 50. Ke4 c2 51. Rf1 Kc3 52. f6 Rg4+ 53. Kf5 Rg5+ 54. Ke4 Rg4+ 55. Kf5 1/2-1/2

[Event "Chennai Grand Masters 2023"]
[Site "Chennai IND"]
[Date "2023.12.18"]
[Round "4.2"]
[White "Pavel Eljanov"]
[Black "Arjun Erigaisi"]
[Result "1/2-1/2"]
[EventDate "2023.12.15"]
[WhiteElo "2691"]
[BlackElo "2727"]
[PlyCount "108"]

1. c4 e6 2. g3 d5 3. Bg2 Nf6 4. Nf3 d4 5. O-O Nc6 6. d3 Bc5 7. Nbd2 O-O 8. Nb3 Be7 9. h3 e5 10. e3 a5 11. exd4 exd4 12. a4 Ra6 13. Re1 Bb4 14. Bd2 Rb6 15. Bxb4 Rxb4 16. Ra3 Qd6 17. Qd2 Nd7 18. Ng5 Rb6 19. Bd5 Ne7 20. Bg2 Nc6 21. Ne4 Qb4 22. c5 Ra6 23. Rc1 Qxd2 24. Nbxd2 Rd8 25. f4 Nb4 26. g4 h5 27. gxh5 Nd5 28. c6 bxc6 29. Rf1 Ne3 30. Rc1 Nf8 31. Nc5 Rb6 32. Nc4 Nxc4 33. Rxc4 Rxb2 34. Rb3 Ra2 35. Rb8 Rxg2+ 36. Kxg2 Bxh3+ 37. Kxh3 Rxb8 38. Kg4 f6 39. Rxd4 Kf7 40. Rc4 Ke7 41. Kf5 Rd8 42. Kg4 Rd5 43. Re4+ Kf7 44. Rc4 f5+ 45. Kf3 Ke7 46. d4 Nd7 47. Nb7 Nf6 48. Rxc6 Rxd4 49. Rxc7+ Ke6 50. Rxg7 Nxh5 51. Rg6+ Ke7 52. Rg5 Rxf4+ 53. Ke3 Re4+ 54. Kf3 1/2-1/2

[Event "Chennai Grand Masters 2023"]
[Site "Chennai IND"]
[Date "2023.12.17"]
[Round "3.4"]
[White "Arjun Erigaisi"]
[Black "Alexandr Predke"]
[Result "1-0"]
[EventDate "2023.12.15"]
[WhiteElo "2727"]
[BlackElo "2689"]
[PlyCount "142"]

1. e4 c5 2. Nf3 Nc6 3. d4 cxd4 4. Nxd4 Nf6 5. Nc3 e5 6. Ndb5 d6 7. Nd5 Nxd5 8. exd5 Ne7 9. c3 Nf5 10. a4 Be7 11. Bd3 O-O 12. O-O Nh4 13. f4 a6 14. Na3 exf4 15. Bxf4 Ng6 16. Bxg6 hxg6 17. Nc4 Qc7 18. b3 b6 19. Be3 Rb8 20. Bd4 Bg5 21. Nd2 Re8 22. c4 Be3+ 23. Bxe3 Rxe3 24. Re1 Qc5 25. Kh1 Bf5 26. Nf3 Bg4 27. Rxe3 Qxe3 28. Qd4 Qxd4 29. Nxd4 Bd7 30. a5 b5 31. cxb5 Bxb5 32. Kg1 Bd3 33. Ra4 Re8 34. Rb4 Re1+ 35. Kf2 Re5 36. Nc6 Re2+ 37. Kf3 Ra2 38. Rb8+ Kh7 39. Rd8 f5 40. Rxd6 Be4+ 41. Kf4 Rxg2 42. Rd8 g5+ 43. Ke5 Rxh2 44. Nd4 Ra2 45. b4 g4 46. d6 g3 47. d7 g2 48. Rh8+ Kxh8 49. d8=Q+ Kh7 50. Qg5 Ra1 51. Ne2 Rb1 52. Ke6 Rxb4 53. Qh4+ Kg8 54. Qd8+ Kh7 55. Kf7 Rb7+ 56. Kf8 f4 57. Qh4+ Kg6 58. Nxf4+ Kf5 59. Nxg2 g5 60. Ne3+ Kf6 61. Qh6+ Ke5 62. Qxg5+ Kd4 63. Qf4 Rb5 64. Ke7 Kd3 65. Ng4 Bd5 66. Ne5+ Kc3 67. Qe3+ Kb4 68. Kd6 Rxa5 69. Nd3+ Kc4 70. Nb2+ Kb4 71. Qd2+ 1-0

[Event "Chennai Grand Masters 2023"]
[Site "Chennai IND"]
[Date "2023.12.16"]
[Round "2.1"]
[White "Dommaraju Gukesh"]
[Black "Arjun Erigaisi"]
[Result "1/2-1/2"]
[EventDate "2023.12.15"]
[WhiteElo "2720"]
[BlackElo "2727"]
[PlyCount "64"]

1. e4 c5 2. Nf3 e6 3. d4 cxd4 4. Nxd4 Nf6 5. Nc3 Bb4 6. Bd3 d6 7. O-O O-O 8. Nce2 Bc5 9. c3 e5 10. Nf3 Be6 11. Ng3 Nbd7 12. Re1 Re8 13. Be3 Qc7 14. Qd2 a6 15. c4 Nb8 16. h3 Nc6 17. Red1 Bxe3 18. Qxe3 Nb4 19. b3 Red8 20. Qd2 Nxd3 21. Qxd3 h6 22. Rac1 Rab8 23. Qe3 Qa5 24. Rd2 b5 25. cxb5 axb5 26. Rcd1 Qc7 27. a4 bxa4 28. bxa4 Ra8 29. Qa3 d5 30. Rc1 Rxa4 31. Rxc7 Rxa3 32. Nxe5 1/2-1/2

[Event "Chennai Grand Masters 2023"]
[Site "Chennai IND"]
[Date "2023.12.15"]
[Round "1.4"]
[White "Pentala Harikrishna"]
[Black "Arjun Erigaisi"]
[Result "1-0"]
[EventDate "2023.12.15"]
[WhiteElo "2696"]
[BlackElo "2727"]
[PlyCount "122"]

1. d4 Nf6 2. c4 e6 3. Nc3 d5 4. Bg5 dxc4 5. e3 c5 6. dxc5 Qxd1+ 7. Rxd1 Bxc5 8. Bxc4 a6 9. Nge2 Nbd7 10. Bd3 b5 11. Ne4 Bb4+ 12. N2c3 Nxe4 13. Bxe4 Ra7 14. O-O f6 15. Bf4 Bxc3 16. Rc1 e5 17. Rxc3 Ke7 18. Bg3 Nb6 19. f4 exf4 20. exf4 Kf7 21. Rfc1 Re7 22. Rc7 Re8 23. Bxh7 g6 24. R1c6 Kg7 25. Rxe7+ Rxe7 26. Rxb6 Re6 27. Rb8 Rc6 28. Bxg6 Kxg6 29. Be1 Kf5 30. Bc3 Kxf4 31. Kf2 f5 32. a3 Ke4 33. a4 Rc5 34. a5 f4 35. Rb6 Rc4 36. h4 b4 37. Bd2 Kf5 38. h5 Rc2 39. Ke2 Kg5 40. h6 Bg4+ 41. Ke1 Rxb2 42. g3 Bf5 43. gxf4+ Kg4 44. Bxb4 Kf3 45. Kd1 Bd3 46. Bd2 Rb1+ 47. Bc1 Be4 48. Rxa6 Rb5 49. Ra7 Rh5 50. f5 Rxf5 51. a6 Rf6 52. Bg5 Rd6+ 53. Kc1 Bg6 54. Ra8 Kg4 55. Be3 Re6 56. Rg8 Kf3 57. a7 Be4 58. h7 Rc6+ 59. Kb2 Rc2+ 60. Kb3 Rh2 61. h8=Q 1-0

[Event "9th Gashimov Mem Blitz"]
[Site "Baku AZE"]
[Date "2023.12.11"]
[Round "1.1"]
[White "Boris Gelfand"]
[Black "Arjun Erigaisi"]
[Result "0-1"]
[EventDate "2023.12.11"]
[WhiteElo "2660"]
[BlackElo "2727"]
[PlyCount "52"]

1. Nf3 c5 2. c4 Nc6 3. d4 cxd4 4. Nxd4 e6 5. Nc3 Nf6 6. a3 Be7 7. e4 O-O 8. Nf3 Qa5 9. Bd3 d5 10. O-O d4 11. b4 Bxb4 12. axb4 Qxa1 13. Nb5 Nxb4 14. e5 Nd7 15. Bxh7+ Kxh7 16. Qb3 Qa2 17. Qxb4 Kg8 18. Ba3 a5 19. Qe7 Qxc4 20. Nd6 Qd3 21. Bc1 a4 22. Ng5 Nxe5 23. f4 Ng6 24. Qc7 Qc3 25. Qb6 Ra6 26. Qb1 Rxd6 0-1

[Event "9th Gashimov Mem Blitz"]
[Site "Baku AZE"]
[Date "2023.12.11"]
[Round "2.1"]
[White "Arjun Erigaisi"]
[Black "Rauf Mamedov"]
[Result "0-1"]
[EventDate "2023.12.11"]
[WhiteElo "2727"]
[BlackElo "2651"]
[PlyCount "62"]

1. d4 d5 2. Nc3 Nf6 3. Bf4 g6 4. e3 Bg7 5. h4 h5 6. Nf3 Bg4 7. Qd2 c5 8. Ne5 cxd4 9. exd4 Nc6 10. f3 Bf5 11. Bb5 Rc8 12. O-O-O Qb6 13. Bxc6+ bxc6 14. Na4 Qa6 15. b3 c5 16. dxc5 O-O 17. Kb1 Nd7 18. Qxd5 Nb6 19. Nxb6 axb6 20. c6 b5 21. g4 Bxc2+ 22. Kxc2 Qxa2+ 23. Kc3 b4+ 24. Kd3 Bxe5 25. Qxe5 Rxc6 26. Qd5 Rc3+ 27. Kd4 Qf2+ 28. Ke5 Rc5 29. gxh5 Rxd5+ 30. Rxd5 Qe2+ 31. Kd4 Qxf3 0-1

[Event "9th Gashimov Mem Blitz"]
[Site "Baku AZE"]
[Date "2023.12.11"]
[Round "3.1"]
[White "Shakhriyar Mamedyarov"]
[Black "Arjun Erigaisi"]
[Result "0-1"]
[EventDate "2023.12.11"]
[WhiteElo "2723"]
[BlackElo "2727"]
[PlyCount "56"]

1. Nf3 c5 2. c4 Nc6 3. Nc3 Nf6 4. e3 e5 5. d4 e4 6. Ne5 cxd4 7. exd4 Bb4 8. Be2 O-O 9. O-O Re8 10. Bf4 d6 11. Nxc6 bxc6 12. Re1 Bf5 13. Bg5 h6 14. Bh4 Rb8 15. Bf1 g5 16. Bg3 h5 17. c5 dxc5 18. Bxb8 Qxb8 19. dxc5 Bxc5 20. Be2 e3 21. fxe3 Qxb2 22. Na4 Bxe3+ 23. Kh1 Ne4 24. Rf1 Qe5 25. Bxh5 Nf2+ 26. Rxf2 Bxf2 27. Rc1 Qf4 28. Nc5 Re1+ 0-1

[Event "9th Gashimov Mem Blitz"]
[Site "Baku AZE"]
[Date "2023.12.11"]
[Round "4.1"]
[White "Arjun Erigaisi"]
[Black "Teimour Radjabov"]
[Result "1/2-1/2"]
[EventDate "2023.12.11"]
[WhiteElo "2727"]
[BlackElo "2723"]
[PlyCount "120"]

1. d4 d5 2. Nc3 e6 3. Bf4 Bd6 4. e3 Ne7 5. Nf3 b6 6. h4 h6 7. h5 Bb7 8. Ne5 Nd7 9. Bb5 Bxe5 10. dxe5 a6 11. Bd3 Nc5 12. Ne2 Qd7 13. b4 Nxd3+ 14. cxd3 a5 15. a3 O-O 16. O-O axb4 17. axb4 c5 18. bxc5 bxc5 19. Qc2 Qc6 20. Rfc1 Rxa1 21. Rxa1 Rc8 22. Qb2 Ba6 23. Qa3 Bb7 24. Rc1 Qb5 25. f3 Kh7 26. Kf2 Ba6 27. Ra1 Bb7 28. Qa4 Qxa4 29. Rxa4 Nc6 30. d4 c4 31. e4 Ne7 32. Nc3 Ra8 33. Rxa8 Bxa8 34. Bc1 Bc6 35. Ba3 Ng8 36. exd5 Bxd5 37. Nxd5 exd5 38. g4 g6 39. hxg6+ Kxg6 40. f4 f5 41. Kg3 c3 42. e6 fxg4 43. Kxg4 Nf6+ 44. Kf3 h5 45. e7 c2 46. Kg3 Kf5 47. Bc1 Ke6 48. Ba3 Kf7 49. Kh4 Kg6 50. Bc1 Ne8 51. Ba3 Ng7 52. Kh3 Kf7 53. Kh4 Nf5+ 54. Kxh5 Nxe7 55. Kg4 Ke6 56. Kf3 Nf5 57. Ke2 Nxd4+ 58. Kd3 Nb5 59. Bc1 Kf5 60. Kxc2 1/2-1/2

[Event "9th Gashimov Mem Blitz"]
[Site "Baku AZE"]
[Date "2023.12.11"]
[Round "5.1"]
[White "Nijat Abasov"]
[Black "Arjun Erigaisi"]
[Result "0-1"]
[EventDate "2023.12.11"]
[WhiteElo "2641"]
[BlackElo "2727"]
[PlyCount "76"]

1. e4 e6 2. d4 d5 3. Nc3 Bb4 4. Ne2 Nf6 5. e5 Nfd7 6. Be3 O-O 7. f4 f6 8. a3 Be7 9. exf6 Nxf6 10. Ng3 c5 11. dxc5 Nc6 12. Nb5 e5 13. fxe5 Ng4 14. Qd2 Nxe3 15. Qxe3 Bg5 16. Qb3 Be6 17. Be2 Qe7 18. Nd6 Nxe5 19. Rf1 b6 20. Qc3 Rxf1+ 21. Kxf1 Bf6 22. Nh5 Rf8 23. Kg1 Nf3+ 24. Qxf3 Bd4+ 25. Kh1 Rxf3 26. Bxf3 bxc5 27. Nb5 Bxb2 28. Re1 Qd7 29. Nc7 Bf7 30. Na6 Qc8 31. Be2 Bxa3 32. Rb1 Bxh5 33. Bxh5 g6 34. Be2 Qe6 35. Bf1 c4 36. Nc7 Qc6 37. Nb5 Bc5 38. c3 a6 0-1

[Event "9th Gashimov Mem Blitz"]
[Site "Baku AZE"]
[Date "2023.12.11"]
[Round "6.1"]
[White "Arjun Erigaisi"]
[Black "Van Foreest, Jorden"]
[Result "1/2-1/2"]
[EventDate "2023.12.11"]
[WhiteElo "2727"]
[BlackElo "2679"]
[PlyCount "90"]

1. d4 d5 2. c4 dxc4 3. Nf3 Nf6 4. e3 e6 5. Bxc4 c5 6. O-O Nc6 7. dxc5 Qxd1 8. Rxd1 Bxc5 9. a3 O-O 10. b4 Be7 11. Bb2 Bd7 12. Nbd2 Rfd8 13. Nb3 Be8 14. b5 Rxd1+ 15. Rxd1 Rd8 16. Rc1 Nb8 17. a4 Ne4 18. Kf1 a6 19. Be2 axb5 20. axb5 Nd7 21. Rc7 b6 22. Nbd4 Bd6 23. Ra7 Ndc5 24. Nc6 Rc8 25. Nfd4 Kf8 26. f3 Nf6 27. Ba3 g6 28. e4 e5 29. Nb3 Bxc6 30. bxc6 Rxc6 31. Bc4 Rc7 32. Rxc7 Bxc7 33. Nxc5 bxc5 34. Bxc5+ Kg7 35. Bb5 h5 36. h4 Nh7 37. g3 Nf8 38. Bc4 Nd7 39. Bb4 Bb6 40. Ke2 Bd4 41. f4 Nf6 42. Kf3 Ng4 43. Bd5 Nh2+ 44. Kg2 Ng4 45. Kf3 Nh2+ 1/2-1/2